000
00325nam a2200121Ia 4500
008
240624s9999 xx 000 0 und d
041
_a
eng
082
_a
346.066 PAT
100
_a
PATHAK AKHILESHWAR
245
_a
LEGAL ASPECTS OF BUSINESS
260
_c
2005
_a
New Delhi
_b
Tata McGrawhill
300
_a
xviii, : 361 : p. : cm. ; 23
999
_c
5080
_d
5080